00903nam a2200229 i 4500003000900000005001700009007000300026008004100029040003000070082001400100100000300114110007000117245006600187264009600253300002600349336002700375337003300402338002800435700000300463740009900466740010800565DO-SdBNP20240307081205.0ta240307s1985 dr a 000 0 spa d aDO-SdBNPbspacBNPHUerda 4222bC733r  aComisión Organizadora Permanente de la Feria Nacional del Libro aReglamento de administración de la Feria Nacional del Libro 1aSanto Domingo :bComisión Organizadora Permanente de la Feria Nacional del Libro, c1985. a9 páginas :c22 cm. 2rdacontentatextobtxt 2rdamediaasin mediaciónbn 2rdacarrieravolumenbnc 0 aThe great change : the social and economic transformation of the Dominican Republic, 1963-20130 aLe grand changement : la transformation sociale et économique de la Republique Dominicaine, 1963-2013